Представление документа в формате MARC21

Поле Инд. ПП Название Значение
Тип записи a
Библиографический уровень m
001 Контрольный номер RU/IS/BASE/323266589
005 Дата корректировки 20140703185133.5
040 a Служба первич. каталог. НБ ТвГУ
b Код языка каталог. rus
e Правила каталог. PSBO
041 0_ a Код языка текста rus
080 a Индекс УДК 81-115(043.3)
080 a Индекс УДК 811.111'373(043.3)
084 a Индекс другой классификации/Индекс ББК Ш100.122я031
084 a Индекс другой классификации/Индекс ББК Ш143.21-3в634я031
090 a Полочн. индекс Ш100.1
x Авторский знак З-46
100 1_ a Автор Здановская Лидия Борисовна
q Полное имя Здановская Л. Б.
245 10 a Заглавие Концепт "строительство (стройка) / construction": особенности реализации в русской и английской лингвокультурах
b Продолж. заглавия автореф. дис. ... канд. филол. наук : 10.02.19
c Ответственность ГОУ ВПО "Кубан. гос. ун-т"
260 a Место издания Ставрополь
b Издательство б. и.
c Дата издания 2010
300 a Объем 25 с.
500 a Примечание На правах рукоп.
504 a Библиография Библиогр. в конце кн.
653 a Ключевые слова Авторефераты
a Ключевые слова Английский язык
a Ключевые слова Концепт "строительство"
a Ключевые слова Концептуальный анализ
a Ключевые слова Лексикология
a Ключевые слова Лингвокультурология
a Ключевые слова Русский язык
a Ключевые слова Сопоставительная лингвистика
a Ключевые слова Сравнительно-исторический метод
a Ключевые слова Языкознание
930 a Новая/Ретро авторефераты
952 c Вид литературы А/Р н
954 a Дата поступления на обработку 20100406